| 000 | 00664nam a2200205Ii 4500 | ||
|---|---|---|---|
| 003 | JO-AjNU | ||
| 008 | 230605s9999||||xx |||||||||||||| ||und|| | ||
| 040 |
_aJO-AjNU _bara _erda _cJO-AjNU |
||
| 041 | _aara | ||
| 050 | 1 | 4 | _aBP173.75.S53.1981 |
| 100 | 3 |
_aالشرباصي، احمد, _eauthor _964168 |
|
| 245 | 0 | 0 | _aالمعجم الاقتصادي الاسلامي |
| 250 | _aط1 | ||
| 264 | 3 | 1 | _aعمان: دار الجيل للنشر والتوزيع، 1981 |
| 300 | _a495ص | ||
| 336 |
_atext _btxt _2rdacontent |
||
| 337 |
_aunmediated _bn _2rdamedia |
||
| 338 |
_avolume _bnc _2rdacarrier |
||
| 650 | 4 |
_aالاقتصاد الاسلامي-معاجم _964169 |
|
| 999 |
_aA29145 _c32713 _d32713 |
||